|
|
|
|
| LEADER |
00000nam2a2200000 4500 |
| 001 |
288174 |
| 005 |
20231102000048.0 |
| 035 |
|
|
|a (RuTPU)RU\TPU\book\312626
|
| 090 |
|
|
|a 288174
|
| 100 |
|
|
|a 20150323d1985 k y0rusy50 ca
|
| 101 |
0 |
|
|a rus
|
| 102 |
|
|
|a RU
|
| 105 |
|
|
|a a z 001zy
|
| 200 |
0 |
|
|a Сб. 50
|
| 210 |
|
|
|d 1985
|
| 215 |
|
|
|a 238 с.
|c ил.
|
| 320 |
|
|
|a Указатель литературы: с. 188-231
|
| 320 |
|
|
|a Указатель литературы: с. 188-231
|
| 461 |
|
1 |
|0 (RuTPU)RU\TPU\book\62606
|t Книга. Исследования и материалы
|l The Book. Researches and Materials
|o сборник
|f Всесоюзная книжная палата (ВКП) ; гл. ред. Н. М. Сикорский
|v Сб. 50
|d 1959-2005
|
| 606 |
1 |
|
|a Книговедение
|2 stltpush
|3 (RuTPU)RU\TPU\subj\14571
|9 40942
|
| 610 |
1 |
|
|a книги
|
| 610 |
1 |
|
|a книжное дело
|
| 610 |
1 |
|
|a книжное искусство
|
| 610 |
1 |
|
|a история
|
| 610 |
1 |
|
|a книголюбы
|
| 610 |
1 |
|
|a книгоиздание
|
| 610 |
1 |
|
|a книгоиздатели
|
| 610 |
1 |
|
|a 20 век
|
| 686 |
|
|
|a Ч611
|v LBC/SL-A
|2 rubbk
|
| 801 |
|
1 |
|a RU
|b 63413507
|c 20150323
|
| 801 |
|
2 |
|a RU
|b 63413507
|c 20180122
|g RCR
|
| 942 |
|
|
|c BK
|